|
|
|
|
| LEADER |
01790nam a2200409 a 4500 |
| 001 |
EBC3375690 |
| 003 |
MiAaPQ |
| 005 |
20200520144314.0 |
| 006 |
m o d | |
| 007 |
cr cn||||||||| |
| 008 |
960213s1996 dcuab sb 001 0 eng |
| 010 |
|
|
|z 96011026
|
| 020 |
|
|
|z 0309050952 (alk. paper)
|
| 035 |
|
|
|a (MiAaPQ)EBC3375690
|
| 035 |
|
|
|a (Au-PeEL)EBL3375690
|
| 035 |
|
|
|a (CaPaEBR)ebr10041110
|
| 035 |
|
|
|a (OCoLC)923258137
|
| 040 |
|
|
|a MiAaPQ
|c MiAaPQ
|d MiAaPQ
|
| 050 |
|
4 |
|a HG4910
|b .F68 1996
|
| 082 |
0 |
4 |
|a 332.6/73/0973
|2 20
|
| 245 |
0 |
0 |
|a Foreign participation in U.S. research and development
|h [electronic resource] :
|b asset or liability? /
|c Proctor P. Reid and Alan Schriesheim, editors ; Committee on Foreign Participation in U.S. Research and Development, National Academy of Engineering.
|
| 246 |
3 |
|
|a Foreign participation in US research and development
|
| 246 |
3 |
|
|a Foreign participation in United States research and development
|
| 260 |
|
|
|a Washington, D.C. :
|b National Academy Press,
|c 1996.
|
| 300 |
|
|
|a viii, 194 p. :
|b ill., map.
|
| 490 |
1 |
|
|a Series on prospering in a global economy
|
| 504 |
|
|
|a Includes bibliographical references (p. 159-171) and index.
|
| 530 |
|
|
|a Also available online.
|
| 533 |
|
|
|a Electronic reproduction. Ann Arbor, MI : ProQuest, 2015. Available via World Wide Web. Access may be limited to ProQuest affiliated libraries.
|
| 650 |
|
0 |
|a Investments, Foreign
|z United States.
|
| 650 |
|
0 |
|a Research, Industrial
|z United States.
|
| 655 |
|
4 |
|a Electronic books.
|
| 700 |
1 |
|
|a Reid, Proctor P.
|
| 700 |
1 |
|
|a Schriesheim, Alan.
|
| 710 |
2 |
|
|a ProQuest (Firm)
|
| 830 |
|
0 |
|a Series on prospering in a global economy.
|
| 856 |
4 |
0 |
|u https://ebookcentral.proquest.com/lib/matrademy/detail.action?docID=3375690
|z Click to View
|